logo

Bir Sreshtho Munshi Abdur Rouf Library
Jhenaidah Cadet College

হযরত ফাতেমা রা. -এর ১০০ ঘটনা / (Record no. 13192)

MARC details
000 -LEADER
fixed length control field 01173nam a2200277 a 4500
001 - CONTROL NUMBER
JCCL Control Number 13192
003 - CONTROL NUMBER IDENTIFIER
JCCL marc code BD-JhCC
005 - DATE AND TIME OF LATEST TRANSACTION
control field 20230720093226.0
008 - FIXED-LENGTH DATA ELEMENTS--GENERAL INFORMATION
fixed length control field 230720s2018 bg |||| |||| 000 0 eng d
020 ## - INTERNATIONAL STANDARD BOOK NUMBER
International Standard Book Number 9789849103950
035 ## - SYSTEM CONTROL NUMBER
system control number (BD-JhCC)13191
040 ## - CATALOGING SOURCE
Original cataloging agency BD-JhCC
Modifying agency BD-JhCC
041 ## - LANGUAGE CODE
Language code of Book ben
082 ## - DEWEY DECIMAL CLASSIFICATION NUMBER
Classification number 297.18
Author mark and Year SAR 2018
100 ## - MAIN ENTRY--PERSONAL NAME
Personal name সারওয়ার, মাওলানা মুহাম্মাদ ওয়াইস
245 ## - TITLE STATEMENT
Title হযরত ফাতেমা রা. -এর ১০০ ঘটনা /
Statement of responsibility, etc মাওলানা মুহাম্মাদ ওয়াইস সারওয়ার ; মুফতি আমিনুল ইসলাম (অনু.)
260 ## - PUBLICATION, DISTRIBUTION, ETC. (IMPRINT)
Place of publication, distribution, etc ঢাকা :
Name of publisher, distributor, etc আনোয়ারা লাইব্রেরি,
Date of publication, distribution, etc ২০১৮
300 ## - PHYSICAL DESCRIPTION
Pagination ১২৭ পৃ. :
Dimensions ২১ সেমি.
490 ## - SERIES STATEMENT
Series statement শতো ঘটনা সিরিজ-১৩
504 ## - BIBLIOGRAPHY, ETC. NOTE
Bibliography, etc গ্রন্থপঞ্জি সংযোজিত।
600 ## - SUBJECT ADDED ENTRY--PERSONAL NAME
Personal name Hazrat Fatima Ra.
650 ## - SUBJECT ADDED ENTRY--TOPICAL TERM
Topical term or geographic name as entry element Muslim legend
650 ## - SUBJECT ADDED ENTRY--TOPICAL TERM
Topical term or geographic name as entry element juvenile literature
700 ## - ADDED ENTRY--PERSONAL NAME
Personal name ইসলাম, মুফতি আমিনুল
942 ## - ADDED ENTRY ELEMENTS (KOHA)
Source of classification or shelving scheme Dewey Decimal Classification
Koha item type Books
Holdings
Source of classification or shelving scheme Damaged status Not for loan Home library Current library Shelving location Date of accession Cost, normal purchase price Total Checkouts Full call number Barcode Date last seen Copy number Method of acquisition Koha item type Currency
Dewey Decimal Classification     JCC Rouf Library JCC Rouf Library General Stacks 06/23/2023 127.00   297.18 SAR 2018 18183 07/20/2023 C-1 Purchase Books BDT

JCC Library | Contacts | JCC Home

Last Update on 23 September 2017
Copyright @ 2017-2020 JCC Rouf Library
Rouf Library, Jhenidah Cadet College (JCC), Bangladesh